LEADER 01119nam a2200241 i 4500 001 000000118015 003 CaOOAMICUS 005 20030916000000.0 008 030916s1989 it u000 u ita u 013 $a90708 040 $aSeMil$bita 100 1 $aGalliano, Giovanni.$0(OLS)http://semarc/name/49256 245 13$aUn testimone del suo tempo :$bVen. Giuseppe Marello fondatore degli Oblati di S. Giuseppe e Vescovo di Acqui /$cGiovanni Galliano. 260 $a[S.l.] :$bEdizioni Joseph,$c1989. 300 $a240 p. :$briccamente ill. ;$c21 cm. 500 $aFondo Card. Carlo Maria Martini. 650 4$aMarello, Giuseppe .$0(OLS)http://semarc/subject/21833 850 $aSeMil 852 $aSeMil$W1$xVenegono$y1$m3H III 1$j73346$B73346$CSeMilBibl$Z2$F85272 $81 941 1 $a4 961 $aOmaggio: Martini Card. Carlo Maria 996 $6245$aUn testimone del suo tempo :$bVen. Giuseppe Marello fondatore degli Oblati di S. Giuseppe e Vescovo di Acqui$9(OLS)http://semarc/title/173321 996 $6260$a[S.l.] :$bEdizioni Joseph$9(OLS)http://semarc/publisher/45757 LEADER 01392nam a2200313 i 4500 001 000000127836 003 CaOOAMICUS 005 20070612000000.0 008 070612s1990 it u000 u ita u 013 $a100550 020 $a88-85004-97-0 040 $aSeMil$bita 245 10$aGino Bonola, poeta del lago d'Orta /$cAntologia e biografia intellettuale a cura di Roberto De Gennaro ; Con trentuno acqueforti e tre olii di Carlo Casanova. 260 $aVerbania-Intra :$bAlberti,$c(Stampa 1990) 300 $a297 p. :$bill. ;$c23x24. 490 0 $aLibri dell'Inverna ;$v5 500 $aContiene : Indici. - Fondo card. C.M. Martini. 650 4$aBonola, Gino <1891-1965>.$0(OLS)http://semarc/subject/25128 700 1 $aBonola, Gino.$0(OLS)http://semarc/name/53176 700 1 $aCasanova, Carlo .$0(OLS)http://semarc/name/12366 700 1 $aDe Gennaro, Roberto.$0(OLS)http://semarc/name/53177 830 0$aLibri dell'Inverna ;$v5.$0(OLS)http://semarc/title/23768 850 $aSeMil 852 $aSeMil$W1$xVenegono$y1$m1E IV 3$j82089$B82089$CSeMilBibl$Z2$F124515 $81 941 1 $a4 961 $aOmaggio: Martini Card. Carlo Maria 996 $6020$a88-85004-97-0$9(OLS)http://semarc/number/114338 996 $6245$aGino Bonola, poeta del lago d'Orta$9(OLS)http://semarc/title/188753 996 $6260$aVerbania-Intra :$bAlberti$9(OLS)http://semarc/publisher/34761